00413nam a2200133 a 450000100100000000500170001000800410002702000180006804000250008610000350011124500640014626000460021030000230025600003785520201002031127.0130307s2012 dr 000 0 spa d a9789945006902 aDO-SdBNPbspacBNPHU1 aLópez Rodríguez, Agustín14aLas cinco etapas del amor /cAgustín López Rodríguez. aSanto Domingo :bAmigo del hogar ,c2012. a128 p. : ;c23 cm.